000
00275nam a2200121Ia 4500
008
190216s9999||||xx |||||||||||||| ||und||
100
_a
Nicholas Craig
245
0
_a
I An Actor
260
_b
Pan Books London
_c
1988
300
_a
138p
650
_a
Autobiography
942
_c
BK
999
_c
14072
_d
14072